| 000 | 00589nam a2200181 a 4500 | ||
|---|---|---|---|
| 005 | 20210219151512.0 | ||
| 008 | 991125s1984 mad 000 0 spa u | ||
| 020 | _a8424903854 | ||
| 035 | _aUPN01000035444 | ||
| 049 | _aCG | ||
| 050 | 4 |
_aP121 _bCH6.58 |
|
| 100 | 1 |
_aChomsky, Noam, _d1928- |
|
| 245 | 1 | 0 |
_aLingüística cartesiana : _bun capítulo de la historia del pensamiento racionalista / _cNoam Abraham Chomsky ; tr. Enrique Wulff. |
| 260 |
_aMadrid : _bGredos, _c1984. |
||
| 300 | _a158 p. | ||
| 440 | 0 |
_aBiblioteca románica hispánica. _pEstudios y ensayos ; _v191 |
|
| 905 | _aLibro | ||
| 999 |
_c35444 _d35444 |
||